|
|
|
|
| LEADER |
00646cam a2200205ua 4500 |
| 008 |
060815t1994||||||||||| 00 ||eng c |
| 020 |
|
|
|a 81-7488-002-X
|
| 041 |
0 |
|
|a eng
|
| 082 |
|
|
|a 305.420 3
|b PRU/E.2
|
| 245 |
0 |
0 |
|a Encyclopaedia of women society and culture: vol.2 /
|
| 250 |
|
|
|a 1st ed.
|
| 260 |
|
|
|a New Delhi:
|b Anmol,
|c 1994.
|
| 300 |
|
|
|a vi, 271p..
|
| 362 |
1 |
|
|a 1994.
|
| 365 |
|
|
|a Rs.5500/- (for the s
|e hb
|
| 650 |
0 |
|
|a Women-Encyclopaedias
|
| 700 |
0 |
2 |
|a Pruthi, Raj,
|
| 942 |
|
|
|c REF
|
| 999 |
|
|
|c 7116
|d 7116
|
| 952 |
|
|
|0 0
|1 0
|4 0
|6 305_420000000000000_3_PRUE
|7 0
|9 7460
|a KUCL
|b KUCL
|d 2014-05-23
|l 0
|o 305.420 3 PRU/E.
|p 00365
|r 2017-03-10
|w 2014-05-23
|y REF
|